000 01241nam a2200205 a 4500
001 000029180
005 20200930055359.0
008 110414s2008 dr 000 0 spa d
020 _a9789945865189
040 _aDO-SdBNP
_bspa
_cBNPHU
111 2 _aForo de mujeres por la reforma constitucional de la República Dominicana
_956100
245 1 3 _aLa constitución que queremos las mujeres /
_cMaría Elena Reyes Meléndez; Mirta Rodríguez Calderón.
260 _aSanto Domingo :
_bIntermón Oxfam
_bFriedrich Ebert Stiftung,
_c2008.
300 _a18 p. :
_bil. ;
_c28 cm.
500 _aLa biblioteca posee el cuaderno No.2 y No.3
505 0 _gEl cuaderno 1
_tEstá dedicado a los principios de igualdad, de no discriminación y los derechos fundamentales
_gEl cuaderno 2
_tAborda el principio de derechos humanos como marco general para nuestros derechos como personas, y las obligaciones que tiene el Estado de respetar los tratados internacionales de derechos humanos
_gEl cuaderno 3
_tEstá dedicado a los derechos sexuales y los derechos reproductivos así como al derecho a vivir una vida libre de violencia de género
700 1 _aReyes Meléndez, María Elena
_953331
700 1 _aRodríguez Calderón, Mirta
_938496
049 _aBNPD
999 _c28672
_d28672